Statistiken für Alle Schachgroßmeister, die eine Elozahl von mind. 2800 erreicht haben

Klicken Sie hier um das Quiz zu spielen!

Allgemein

  • Dieses Quiz wurde 206 mal gespielt
  • Das Durchschnittsergebnis liegt bei 7 aus 14

Antwortstatistiken

LandMax. ElozahlAntwort% Korrekt
Norwegen2882Carlsen
96%
Russland2851Kasparow
81%
Vereinigte Staaten2816Nakamura
74%
China2816Ding
66%
Vereinigte Staaten2844Caruana
63%
Indien2817Anand
61%
Armenien2830Aronjan
47%
Vereinigte Staaten2822So
45%
Frankreich2804Firouzja
38%
Russland2817Kramnik
38%
Frankreich2819Vachier-Lagrave
35%
Bulgarien2816Topalow
34%
Aserbaidschan2820Məmmədyarov
24%
Russland2810Grischtschuk
19%

Verteilung der Resultate

Perzentil nach korrekt beantworteten Fragen

Anzahl Personen mit jedem Resultat

Ihre Resultats-Entwicklung

Sie haben dieses Quiz noch nicht gespielt